000 00963cam a22002891 4500
001 24471
003 BD-RjUL
005 20211209001045.0
008 140313r19571932enk 000 0 eng d
035 _a(BD-RjUL)24538
040 _aDLC
_cTxU-Da
_dDLC
_dBD-RjUL
_beng
041 _aeng
082 0 0 _a938
_bPEI 1957
100 1 _aPetrie, A.
_q(Alexander),
_d1881-1979.
_975332
245 1 3 _aAn introduction to Greek history, antiquities, and literature /
_cby A. Petrie, M.A.
260 _aLondon :
_bOxford university press,
_c1932. [Reprinted 1957]
300 _a159, [1] p. :
_bincl. front., illus. ;
_c19 cm.
500 _aMap on lining-paper.
504 _aBibliography: p. [160]
650 0 _aGreek literature
_xHistory and criticism.
_967459
651 0 _aGreece
_xHistory.
_975333
651 0 _aGreece
_xAntiquities.
_975334
740 0 _aGreek history, antiquities and literature.
942 _2ddc
_cBK
999 _c24471
_d24471